[Event "NRW Verbandsliga Group1 1314"]
[Site "Nordrheinwestfalen"]
[Date "2013.10.13"]
[Round "2"]
[White "Fuellgrabe, Thomas"]
[Black "Spiess, Timo"]
[Result "1/2-1/2"]
[WhiteElo "2323"]
[BlackElo "2079"]
[PlyCount "68"]
[EventDate "2013.09.08"]
[EventType "team-tourn"]
[EventRounds "9"]
[EventCountry "GER"]
[SourceTitle "EXT 2020"]
[Source "ChessBase"]
[SourceDate "2019.10.17"]
[SourceVersion "1"]
[SourceVersionDate "2019.10.17"]
[SourceQuality "1"]
[WhiteTeam "Welper SV"]
[BlackTeam "Bochum SC an der Uni"]
[WhiteTeamCountry "GER"]
[BlackTeamCountry "GER"]

1. e4 c5 2. Nf3 d6 3. c3 Nf6 4. h3 g6 5. Bd3 Bg7 6. Bc2 0-0 7. d4 cxd4 8. cxd4 d5 9. e5 Ne4 10. 0-0 Nc6 11. Re1 Bf5 12. Nc3 Nxc3 13. bxc3 Bxc2 14. Qxc2 Qd7 15. Ng5 Nd8 16. h4 Ne6 17. h5 Nxg5 18. Bxg5 gxh5 19. Re3 f6 20. exf6 exf6 21. Bf4 Rfe8 22. Rae1 Rxe3 23. Rxe3 Re8 24. Rxe8+ Qxe8 25. Qf5 Qe4 26. Qc8+ Kf7 27. Qxb7+ Kg6 28. Be3 Bh6 29. Bxh6 Kxh6 30. Qb2 Qe1+ 31. Kh2 f5 32. Qc2 Kg6 33. Kg3 Kg5 34. Kh2 h4 1/2-1/2

[Event "Ruhrgebiet Verbandsliga1 1213"]
[Site "Nordrheinwestfalen"]
[Date "2013.02.03"]
[Round "6.2"]
[White "Fuellgrabe, Thomas"]
[Black "Kaiser, Thomas"]
[Result "1-0"]
[WhiteElo "2321"]
[BlackElo "1996"]
[PlyCount "81"]
[EventDate "2012.09.02"]
[EventType "team-tourn"]
[EventRounds "9"]
[EventCountry "GER"]
[SourceTitle "EXT 2020"]
[Source "ChessBase"]
[SourceDate "2019.10.17"]
[SourceVersion "1"]
[SourceVersionDate "2019.10.17"]
[SourceQuality "1"]
[WhiteTeam "Welper SV"]
[BlackTeam "Buer SF"]
[WhiteTeamCountry "GER"]
[BlackTeamCountry "GER"]

1. e4 c5 2. Nf3 d6 3. Bb5+ Nd7 4. d4 cxd4 5. Qxd4 a6 6. Bxd7+ Bxd7 7. c4 Nf6 8. Nc3 e6 9. Bg5 Be7 10. 0-0 0-0 11. Bxf6 gxf6 12. Rfd1 Bc6 13. Qe3 Qa5 14. Nd5 Bd8 15. Nd4 Kh8 16. Qh6 Rg8 17. Nxf6 Rg7 18. Nxc6 bxc6 19. Ne8 Rg8 20. Nxd6 Ra7 21. Rd3 Qe5 22. Rh3 f6 23. Qd2 Rd7 24. Rd3 Bc7 25. Rd1 Bxd6 26. Rxd6 Rxd6 27. Qxd6 Qxe4 28. g3 Qxc4 29. Qe7 Qf4 30. Qxe6 Qf3 31. Rd6 Rb8 32. b3 a5 33. Qxf6+ Qxf6 34. Rxf6 a4 35. bxa4 Rb2 36. Rxc6 Rxa2 37. Rc4 Kg7 38. Rf4 Kg6 39. Kf1 Kg5 40. h4+ Kg6 41. Ke1 1-0

[Event "Ruhrgebiet Verbandsliga1 1213"]
[Site "Nordrheinwestfalen"]
[Date "2012.09.30"]
[Round "2.2"]
[White "Kemna, Martin"]
[Black "Fuellgrabe, Thomas"]
[Result "0-1"]
[WhiteElo "1965"]
[BlackElo "2321"]
[PlyCount "62"]
[EventDate "2012.09.02"]
[EventType "team-tourn"]
[EventRounds "9"]
[EventCountry "GER"]
[SourceTitle "EXT 2020"]
[Source "ChessBase"]
[SourceDate "2019.10.17"]
[SourceVersion "1"]
[SourceVersionDate "2019.10.17"]
[SourceQuality "1"]
[WhiteTeam "Dortmund Hansa III"]
[BlackTeam "Welper SV"]
[WhiteTeamCountry "GER"]
[BlackTeamCountry "GER"]

1. e4 e5 2. c4 Nc6 3. Nc3 Bc5 4. g3 d6 5. Bg2 f5 6. d3 Nf6 7. Be3 0-0 8. h3 Bxe3 9. fxe3 fxe4 10. Nxe4 Nxe4 11. Bxe4 Qg5 12. Kd2 Rf2+ 13. Ne2 Nd4 14. Rf1 Rxe2+ 15. Qxe2 Nxe2 16. Bd5+ Be6 17. Bxe6+ Kh8 18. Kxe2 Qxg3 19. Rf3 Qg2+ 20. Rf2 Qg6 21. Bf5 Qg5 22. Bg4 g6 23. Raf1 e4 24. d4 Re8 25. d5 b5 26. Rf7 bxc4 27. Rxc7 Re7 28. Rc8+ Kg7 29. Be6 Rb7 30. b3 cxb3 31. axb3 Rxb3 0-1

[Event "Ruhrgebiet Verbandsliga1 1213"]
[Site "Nordrheinwestfalen"]
[Date "2012.09.02"]
[Round "1"]
[White "Fuellgrabe, Thomas"]
[Black "Bollwerk, Markus"]
[Result "1-0"]
[WhiteElo "2321"]
[BlackElo "2067"]
[PlyCount "63"]
[EventDate "2012.09.02"]
[EventType "team-tourn"]
[EventRounds "9"]
[EventCountry "GER"]
[SourceTitle "EXT 2020"]
[Source "ChessBase"]
[SourceDate "2019.10.17"]
[SourceVersion "1"]
[SourceVersionDate "2019.10.17"]
[SourceQuality "1"]
[WhiteTeam "Welper SV"]
[BlackTeam "Eichlinghofen SV"]
[WhiteTeamCountry "GER"]
[BlackTeamCountry "GER"]

1. e4 c5 2. Nf3 d6 3. Bc4 Nf6 4. d3 e6 5. Bb3 Be7 6. c3 0-0 7. Nbd2 Nc6 8. 0-0 Re8 9. Re1 a6 10. d4 b5 11. e5 dxe5 12. dxe5 Nd7 13. Qe2 Bb7 14. Bc2 Qc7 15. Nf1 Nf8 16. h4 Rad8 17. N1h2 Na5 18. Ng4 Nc4 19. b3 Nb6 20. Ng5 Nd5 21. Bd2 Rd7 22. Be4 Bd8 23. c4 bxc4 24. bxc4 Nb4 25. Bxb7 Qxb7 26. Ne4 Be7 27. Ngf6+ gxf6 28. exf6 Bd6 29. Qh5 Be5 30. Qh6 Bxf6 31. Nxf6+ Kh8 32. Nxe8 1-0

[Event "Ruhrgebiet Regionalliga 1112"]
[Site "Nordrheinwestfalen"]
[Date "2012.05.06"]
[Round "9.1"]
[White "Fuellgrabe, Thomas"]
[Black "Schuetze, Andre"]
[Result "1-0"]
[WhiteElo "2311"]
[BlackElo "2104"]
[PlyCount "93"]
[EventDate "2011.09.25"]
[EventType "team-tourn"]
[EventRounds "9"]
[EventCountry "GER"]
[SourceTitle "EXT 2020"]
[Source "ChessBase"]
[SourceDate "2019.10.17"]
[SourceVersion "1"]
[SourceVersionDate "2019.10.17"]
[SourceQuality "1"]
[WhiteTeam "Welper SV"]
[BlackTeam "Horst Emscher"]
[WhiteTeamCountry "GER"]
[BlackTeamCountry "GER"]

1. e4 e5 2. Nf3 Nc6 3. Bc4 Bc5 4. 0-0 Nf6 5. d3 0-0 6. Nbd2 d5 7. exd5 Nxd5 8. h3 Re8 9. Ne4 Bf8 10. Nfg5 h6 11. Qf3 Be6 12. Nxe6 fxe6 13. c3 Qh4 14. Re1 Rad8 15. Bb5 Bd6 16. Qg3 Qxg3 17. fxg3 Nde7 18. Be3 a6 19. Ba4 b5 20. Bb3 Nd5 21. Bf2 Nf6 22. g4 a5 23. Bh4 Nxe4 24. Bxd8 Nc5 25. Bh4 Nxd3 26. Re2 Bc5+ 27. Kh2 g5 28. Bg3 a4 29. Bc2 Nf4 30. Rd2 Bd6 31. Be4 Ne7 32. Bf2 Rb8 33. Ba7 Rf8 34. Rf1 a3 35. b3 Ned5 36. Bxd5 exd5 37. g3 e4 38. gxf4 Bxf4+ 39. Rxf4 gxf4 40. Rxd5 e3 41. Kg1 Kg7 42. Bd4+ Kg6 43. Kf1 c6 44. Re5 b4 45. h4 Rd8 46. Re7 h5 47. Rg7+ 1-0